| 000 | 00964nam a22003257a 4500 | ||
|---|---|---|---|
| 001 | BR0902861 | ||
| 003 | BR-BrBNA | ||
| 005 | 20230928103002.0 | ||
| 007 | ta | ||
| 008 | 230509b bl.||||| |||| 00| 0 por d | ||
| 040 |
_aBR-BrBNA _bpor _cBiblioteca Nacional de Agricultura |
||
| 041 | _a(Por) | ||
| 072 | _aE11; E14 | ||
| 090 | _ E11 BR0902861 | ||
| 100 | 1 | _aAndrade, M.R.(org.) | |
| 100 | 1 | _aDi Pierro, M.C.(org.) | |
| 100 | 1 | _aMolina, M.C.(org.) | |
| 100 | 1 | _aJesus, S.M.S.A. de(org.) | |
| 245 | 1 | _aA educação na reforma agrária em perspectiva; uma avaliação do Programa Nacional de Educação Na Reforma Agrária | |
| 260 | 3 |
_aSão Paulo, SP (Brasil): _c2004. |
|
| 300 | _a250 p. | ||
| 500 | _aSeveral bibliography | ||
| 650 | _aREFORMA AGRÁRIA | ||
| 650 | _aPROJETO DE DESENVOLVIMENTO | ||
| 650 | _aCOLONIZAÇÃO | ||
| 650 | _aPOLÍTICAS PÚBLICAS | ||
| 650 | _aEDUCAÇÃO | ||
| 909 |
_a202309 _bLucia _c55 _dLucia Elande |
||
| 942 | _cBK | ||
| 999 |
_c73233 _d73233 |
||